| 000 | 01189nam a22003254 4500 | ||
|---|---|---|---|
| 001 | 197931 | ||
| 003 | ES-MaACL | ||
| 005 | 20251203063036.0 | ||
| 008 | 251105s2007 sp a ||||| 001 0|spa | ||
| 017 |
_aM 49529-2007 _bOficina Depósito Legal Madrid |
||
| 020 | _a978-84-9736-556-7 | ||
| 040 |
_aSpMaBN _bspa _cSpMaBN _erdc |
||
| 080 | _a133.5:549.091 | ||
| 100 | 1 |
_aGarrido, Luis _d1926- _9242471 _eaut |
|
| 245 | 1 | 0 |
_aGran diccionario de las piedras curativas / _cLuis Garrido |
| 264 | 1 |
_aMadrid : _bLibro Hobby Club, _c[2007] |
|
| 300 |
_a285 páginas, [8] hojas de láminas (color) ; _c24 cm |
||
| 336 |
_2rdacontent _atexto |
||
| 337 |
_2rdamedia _asin mediación |
||
| 338 |
_2rdacarrier _avolumen |
||
| 490 | 0 | _aHumanidades | |
| 504 | _aBibliografía: página 275. Índice | ||
| 650 | 4 |
_aPiedras preciosas _xUso terapéutico _2embne _9242472 |
|
| 852 |
_aES-MaACL _cDEPO1 _jA-15838 _hDonación: José Lázaro García _xEncuadernación rústica con solapas _9206958 |
||
| 942 |
_cMONOGRAFIA _n0 |
||
| 956 | _a2 | ||
| 999 |
_c197931 _d197931 |
||